002050000a220007300045001000022000002450031000223000046000537730032000991 aLuna A, Guillermo10aLos límites del perdón aVol. 50, Núm 217 (1995), Páginas 8-100 tLa Biblia de las Américas